000 00348nam a2200121Ia 4500
008 190216s9999||||xx |||||||||||||| ||und||
100 _aFinar I L
245 0 _aOrganic Chemistry Sterio Chemistry And The Chemistry Of Natural Products
260 _bPearson Education International
_c2004
300 _a942
650 _aOrganic Chemistry
942 _cBK
999 _c3158
_d3158